000
00309nam a2200133Ia 4500
005
20260328104254.0
008
260328s9999||||xx |||||||||||||| ||und||
100
_a
Schmied, Wieland
245
0
_a
Hundertwasser /
_c
Wieland Schmied
260
_b
Taschen
300
_a
400 p.
650
_a
PINTURA
942
_c
BK
999
_c
10372
_d
10372